[Event "SVK ECo-C Extraliga 2018-19"]
[Site "Slovakia"]
[Date "2019.03.09"]
[Round "7.3"]
[White "Martinovic, Sasa"]
[Black "Mrva, Martin"]
[Result "1/2-1/2"]
[WhiteElo "2558"]
[BlackElo "2420"]
[Annotator "TA"]
[PlyCount "149"]
[EventDate "2018.11.10"]
[EventType "team-tourn"]
[EventCountry "SVK"]
[SourceTitle "playchess.com"]
[Source "ChessBase"]
[SourceQuality "1"]
[WhiteTeam "Modra"]
[BlackTeam "Snina"]

{[%evp 14,149,46,15,71,49,67,56,92,49,106,49,45,63,117,82,116,116,120,125,127,129,128,129,132,126,176,180,164,170,172,178,181,127,134,132,153,171,147,149,214,199,204,169,169,122,227,209,359,348,385,331,310,125,218,220,191,88,97,101,98,-35,-35,-36,-13,-13,-14,-110,-42,-35,-38,-117,-59,-402,-45,-97,-100,-104,-68,-54,-55,-104,-95,-92,-68,-91,-89,-89,-93,-101,-81,-97,-104,-141,-129,-123,-115,-139,-98,-111,-97,-120,-78,-89,-37,-37,-8,-8,-8,-8,0,0,0,0,0,0,0,0,0,0,0,0,0,0,0,0,0,0,0,0,0,0,0,0,0,0,0,0]} 1. d4 Nf6 2. c4 g6 3. Nf3 Bg7 4. g3 O-O 5. Bg2 d6 6. Nc3 Nc6 7. O-O a6 8. Bf4 Nd7 {E63: King's Indian: Fianchetto: Panno Variation with 7...a6} (8... Rb8 $11 {remains equal.}) 9. Qd2 $16 Re8 10. Rfd1 Nf8 $146 {White is slightly better.} ({Predecessor:} 10... Rb8 11. Rac1 b6 12. b3 Bb7 13. d5 Na7 14. Bh6 Bh8 15. e4 c6 16. Re1 {1-0 (63) Ruck,R (2533)-Heimrath,R (2260) Tegernsee 2017}) 11. b3 Rb8 (11... Bg4 $14) 12. Rac1 (12. Bh6 $16) 12... Bg4 $14 13. d5 Na7 (13... Bxf3 $14 14. Bxf3 Nd4) 14. h3 Bd7 15. e4 e5 16. Bg5 $36 {[%mdl 2048] Keeping Black busy.} f6 17. Be3 Nc8 18. b4 g5 19. c5 g4 20. hxg4 Bxg4 21. Re1 Ne7 22. Nh2 Bd7 23. g4 (23. a4 $18) 23... Neg6 24. Ne2 {[%cal Bc3e2,Be2g3,Bg3f5][%mdl 32]} Nh4 25. Ng3 Nfg6 26. Nf5 Nxf5 (26... Bf8 $16 27. Nf3 Nxg2 28. Kxg2 dxc5) 27. exf5 Ne7 28. Be4 Kh8 29. Nf1 Rg8 (29... Bb5 $16) 30. Ng3 $18 Be8 (30... dxc5 $142 31. bxc5 Bb5) 31. Kg2 Bf8 32. f3 c6 33. cxd6 (33. Rh1 $1 $18) 33... Nxd5 (33... Qxd6 $16 {keeps fighting.} 34. Bc5 Qd8) 34. Bxd5 cxd5 35. Qxd5 (35. Rh1 $1 $18 {[%cal Rh1h7]} d4 36. Rc7) 35... Bc6 $16 36. Qc4 $1 ({Stronger than} 36. Qf7 Rxg4 37. Red1 (37. Rxc6 Rg7 $15) 37... Rg7 $15) 36... Qxd6 37. Bc5 (37. a3 $16) 37... Qd2+ $15 38. Re2 Qd7 {...Bd5 is the strong threat.} 39. Bxf8 Rbxf8 40. Ree1 (40. Qe6 $1 $11) 40... e4 (40... Qd2+ $17 41. Qe2 Bxf3+ $1 {[%mdl 576] Decoy} 42. Kxf3 Qf4+ {[%mdl 64] Double Attack} 43. Kg2 Rxg4) 41. Nxe4 Qxf5 $1 {Hoping for ...Rxg4+!} 42. Qd4 (42. Kg3 $15) 42... Qf4 ({Black should play} 42... Rxg4+ $1 $17 43. fxg4 Qxg4+ 44. Kf1 Bb5+ 45. Rc4 (45. Kf2 {is a self mate.} Qf4+ 46. Kg1 Rg8+ 47. Ng5 Rxg5+ 48. Kh1 Qf3+ 49. Kh2 Qg2#) 45... Qf3+ 46. Nf2 Rc8 {[%mdl 64] Pin}) 43. Rc4 $2 {[%mdl 8192] [#]} ({White should try} 43. Rxc6 $15 bxc6 44. a3) 43... Rg7 $2 (43... Rxg4+ $1 $19 {[%mdl 512]} 44. fxg4 Rg8) 44. Qd6 (44. Qc3 $15) 44... Rxg4+ $1 $17 45. Kf2 Rfg8 {( -> ...Rg2+)} (45... Re8 {is interesting.} 46. Qxf4 Rxf4 47. Nd2 Rxe1 48. Rxf4 Ra1) 46. Qxf4 Rxf4 47. Ke3 Rh4 48. Rd1 Rh3 {And now ...f5 would win.} 49. Rd6 f5 50. Nd2 {[#]} Rg6 $1 {[%cal Rg6d6]} 51. Rcd4 Kg7 52. Kf4 Rh4+ 53. Kxf5 Rxd6 54. Rxd6 Rxb4 {[%mdl 4096] Endgame KRB-KRN} 55. Ne4 Rb5+ 56. Kf4 Ra5 57. Rd2 Ra3 58. Rg2+ Kf8 ({Better is} 58... Kf7 $17) 59. Rh2 $15 {[#]} h6 $1 {[%mdl 512]} 60. Rxh6 {The position is equal.} Rxa2 61. Rh7 Ra5 62. Nd6 Ra3 63. Nxb7 Rxf3+ 64. Ke5 Rf1 65. Nc5 Bb5 66. Ne6+ Kg8 67. Rg7+ Kh8 {Threatens to win with ...Re1+.} 68. Ra7 Re1+ 69. Kf6 {White threatens Ra8+ and mate.} Rf1+ 70. Ke5 Bc4 {Strongly threatening ...Re1+.} 71. Nd4 Bd3 72. Ne6 Rf5+ 73. Kd4 Bf1 74. Ra8+ Kh7 75. Rf8 {Accuracy: White = 52%, Black = 38%.} 1/2-1/2

[Event "SVK ECo-C Extraliga 2018-19"]
[Site "Slovakia"]
[Date "2019.03.09"]
[Round "7.3"]
[White "Antoniewski, Rafal"]
[Black "Ftacnik, Lubomir"]
[Result "1/2-1/2"]
[WhiteElo "2517"]
[BlackElo "2513"]
[Annotator "TA"]
[PlyCount "48"]
[EventDate "2018.11.10"]
[EventType "team-tourn"]
[EventCountry "SVK"]
[SourceTitle "playchess.com"]
[Source "ChessBase"]
[SourceQuality "1"]
[WhiteTeam "Dunajov"]
[BlackTeam "Slovan"]

{[%evp 14,48,17,22,18,0,17,13,20,-19,9,20,32,27,25,26,49,35,30,39,34,34,47,47,29,40,25,38,41,18,19,0,0,0,0,0,0]} 1. Nf3 Nf6 2. c4 e6 3. g3 d5 4. Bg2 d4 5. O-O c5 6. e3 Nc6 7. exd4 cxd4 8. d3 Bd6 {A13: English Opening: 1...e6} 9. Re1 (9. Bg5 h6 10. Bxf6 Qxf6 11. Nbd2 Qd8 12. a3 a5 13. Rc1 O-O 14. Re1 Re8 {1-0 (58) Sjugirov,S (2663)-Korobov,A (2698) St Petersburg 2018}) 9... O-O 10. Na3 Re8 11. Nb5 Bb8 12. Bg5 a6 13. Na3 Bd6 $146 14. Nd2 Be7 15. Bxf6 Bxf6 16. c5 Be7 17. Rc1 Bd7 18. Ne4 b5 19. cxb6 Qxb6 20. Nc4 Qb8 21. a3 a5 {The position is equal.} 22. Qh5 Rf8 23. Ng5 {[%csl Gg5][%cal Rh5h7] [#]} h6 24. Nf3 Ra7 {Accuracy: White = 71%, Black = 70%.} 1/2-1/2

[Event "SVK ECo-C Extraliga 2018-19"]
[Site "Slovakia"]
[Date "2019.03.09"]
[Round "7.3"]
[White "Jurcik, Marian"]
[Black "Mihok, Oliver"]
[Result "1/2-1/2"]
[WhiteElo "2462"]
[BlackElo "2540"]
[Annotator "RC"]
[PlyCount "49"]
[EventDate "2018.11.10"]
[EventType "team-tourn"]
[EventCountry "SVK"]
[SourceTitle "playchess.com"]
[Source "ChessBase"]
[SourceQuality "1"]
[WhiteTeam "Zilina"]
[BlackTeam "Podhajska"]
[TimeControl "40/5400+30:1800+30"]

1. e4 {[%emt 0:00:00]} c5 {[%emt 0:00:00]} 2. Nf3 {[%emt 0:00:00]} e6 {[%emt 0:00:00]} 3. b3 {[%emt 0:02:18]} b6 {[%emt 0:00:04]} 4. Bb2 {[%emt 0:01:15]} Bb7 {[%emt 0:00:08]} 5. Qe2 {[%emt 0:01:43]} Nc6 {[%emt 0:03:29]} 6. g3 {[%emt 0:00:35]} Nf6 {[%emt 0:02:08]} 7. e5 {[%emt 0:03:02]} Ng4 {[%emt 0:04:36]} 8. Bg2 {[%emt 0:01:12]} Nd4 {[%emt 0:05:29]} 9. Nxd4 {[%emt 0:11:41]} Bxg2 {[%emt 0:00:17]} 10. Rg1 {[%emt 0:00:11]} Bb7 {[%emt 0:09:56]} 11. Nxe6 {[%emt 0:02:45]} dxe6 {[%emt 0:04:47]} 12. Qxg4 {[%emt 0:00:04]} Qd5 {[%emt 0:01:17]} 13. Na3 {[%emt 0:07:25]} h5 {[%emt 0:16:23]} 14. Qe2 {[%emt 0:03:19]} Qf3 {[%emt 0:01:28]} 15. Nb5 {[%emt 0:08:59]} Kd7 {[%emt 0:05:07]} 16. d4 {[%emt 0:05:43]} a6 {[%emt 0:06:00]} 17. Nd6 {[%emt 0:01:22]} Bxd6 {[%emt 0:01:10]} 18. exd6 {[%emt 0:00:18]} f6 {[%emt 0:02:54]} 19. dxc5 {[%emt 0:02:58]} bxc5 {[%emt 0:01:57]} 20. Rd1 {[%emt 0:02:19]} Rac8 {[%emt 0:06:26]} 21. Qxf3 {[%emt 0:15:53]} Bxf3 {[%emt 0:00:09]} 22. Rd3 {[%emt 0:00:06]} Be4 {[%emt 0:03:29]} 23. Rc3 {[%emt 0:00:23]} Bd5 {[%emt 0:03:30]} 24. Ke2 {[%emt 0:01:47]} c4 {[%emt 0:02:21]} 25. Rd1 {[%emt 0:03:26]} 1/2-1/2

[Event "SVK ECo-C Extraliga 2018-19"]
[Site "Slovakia"]
[Date "2019.03.09"]
[Round "7.3"]
[White "Petenyi, Tamas"]
[Black "Motuz, Karol"]
[Result "*"]
[WhiteElo "2428"]
[BlackElo "2355"]
[Annotator "TA"]
[PlyCount "27"]
[EventDate "2018.11.10"]
[EventType "team-tourn"]
[EventCountry "SVK"]
[SourceTitle "playchess.com"]
[Source "ChessBase"]
[SourceQuality "1"]
[WhiteTeam "Streda"]
[BlackTeam "Dubnica"]

{[%evp 11,27,20,19,0,0,9,37,33,34,0,9,16,22,12,31,0,35,0]} 1. d4 g6 2. c4 Bg7 3. g3 c5 4. d5 d6 5. Nc3 Nf6 6. Bg2 O-O {LiveBook: 463 Games} 7. Bf4 {E61: King's Indian: Early deviations for White, including Smyslov System} (7. Nf3 e6 8. O-O exd5 9. cxd5 Re8 10. Re1 Ne4 11. Nxe4 Rxe4 12. Qc2 Re8 13. e4 Bg4 14. Nd2 Na6 15. a3 b5 16. Rb1 c4 17. b4 cxb3 18. Nxb3 {1-0 (41) Grischuk,A (2767)-Svidler,P (2760) Moscow 2018}) 7... a6 8. a4 Nbd7 $146 ({Predecessor:} 8... e5 9. dxe6 Bxe6 10. Bxd6 Re8 11. Bxc5 Qa5 12. b4 Qc7 13. Nd5 Nxd5 14. cxd5 Bxa1 15. Qxa1 {0-1 (43) Marcelin,C (2441)-Vachier Lagrave,M (2542) Montpellier 2006}) 9. Nf3 Ng4 10. O-O Nge5 11. Nd2 Rb8 12. Qc2 h6 13. h3 f5 14. Be3 *

[Event "SVK ECo-C Extraliga 2018-19"]
[Site "Slovakia"]
[Date "2019.03.09"]
[Round "7.3"]
[White "Rojicek, Vojtech"]
[Black "Cibickova, Zuzana"]
[Result "1-0"]
[WhiteElo "2389"]
[BlackElo "2243"]
[Annotator "NA"]
[PlyCount "57"]
[EventDate "2018.11.10"]
[EventType "team-tourn"]
[EventCountry "SVK"]
[SourceTitle "playchess.com"]
[Source "ChessBase"]
[SourceQuality "1"]
[WhiteTeam "Liptovska"]
[BlackTeam "Komarno"]
[TimeControl "40/5400+30:1800+30"]

1. Nf3 {[%emt 0:10:12]} d5 {[%emt 0:00:00]} 2. e3 {[%emt 0:01:32]} Nf6 {[%emt 0:02:00]} 3. c4 {[%emt 0:00:25]} c6 {[%emt 0:01:30]} 4. Nc3 {[%emt 0:00:20]} e6 {[%emt 0:01:42]} 5. Qc2 {[%emt 0:00:27]} Nbd7 {[%emt 0:01:08]} 6. b3 {[%emt 0:00:07]} Bd6 {[%emt 0:01:44]} 7. Bb2 {[%emt 0:02:19]} Qe7 {[%emt 0:00:15]} 8. Be2 {[%emt 0:05:14]} O-O {[%emt 0:00:54]} 9. g4 {[%emt 0:03:51]} Rd8 {[%emt 0:14:57]} 10. g5 {[%emt 0:04:29]} Ne8 {[%emt 0:00:23]} 11. h4 {[%emt 0:00:33]} dxc4 {[%emt 0:04:17]} 12. Bxc4 {[%emt 0:04:08]} ({Don't do} 12. bxc4 $6 f5 $14) 12... Nf8 $18 {[%emt 0:08:33]} 13. Rg1 {[%emt 0:18:25]} b5 {[%emt 0:10:35]} 14. Be2 {[%emt 0:03:26]} e5 {[%emt 0:26:20]} 15. Rc1 {[%emt 0:09:25]} a6 {[%emt 0:12:47]} 16. Ne4 {[%emt 0:01:26]} Bf5 {[%emt 0:00:05]} 17. Nf6+ {[%emt 0:02:38]} Nxf6 {[%emt 0:00:45]} 18. Qxf5 {[%emt 0:00:50]} N6d7 {[%emt 0:00:29]} 19. Rxc6 {[%emt 0:02:44]} Bb4 {[%emt 0:07:58]} 20. Rg4 {[%emt 0:05:00]} Rdc8 {[%emt 0:02:44]} 21. Rxc8 {[%emt 0:05:56]} Rxc8 {[%emt 0:00:01]} 22. Nxe5 {[%emt 0:00:09]} g6 {[%emt 0:00:52]} 23. Qxf7+ {[%emt 0:00:34]} Qxf7 {[%emt 0:00:14]} 24. Nxf7 {[%emt 0:00:03]} Kxf7 {[%emt 0:00:44]} 25. Rxb4 {[%emt 0:00:15]} Rc2 {[%emt 0:00:05]} 26. Bc3 {[%emt 0:00:45]} Rxa2 {[%emt 0:00:29]} 27. Bd3 {[%emt 0:00:16]} Nc5 {[%emt 0:01:19]} 28. Bb1 {[%emt 0:00:03]} Ra3 {[%emt 0:00:09]} 29. Bb2 {[%emt 0:00:02]} 1-0

[Event "SVK ECo-C Extraliga 2018-19"]
[Site "Slovakia"]
[Date "2019.03.09"]
[Round "7.3"]
[White "Motuz, Karol"]
[Black "Petenyi, Tamas"]
[Result "1-0"]
[WhiteElo "2355"]
[BlackElo "2428"]
[Annotator "TA"]
[PlyCount "119"]
[EventDate "2018.11.10"]
[EventType "team-tourn"]
[EventCountry "SVK"]
[SourceTitle "playchess.com"]
[Source "ChessBase"]
[SourceQuality "1"]
[WhiteTeam "Dubnica"]
[BlackTeam "Streda"]

{[%evp 11,119,29,33,7,21,5,40,36,36,6,3,0,19,18,24,9,25,0,60,53,49,46,61,28,39,29,35,30,27,23,27,0,0,0,57,50,163,-42,-42,-29,-35,-39,-51,-43,-52,-48,-52,-36,-52,-42,-45,-204,0,0,0,0,0,0,0,8,8,-14,359,0,8,8,18,22,310,319,316,310,432,290,448,439,1099,546,472,222,94,148,152,67,627,620,737,731,770,742,712,711,1072,465,1721,1571,1147,0,457,457,706,706,569,330,330,330,330,330,330,324]} 1. d4 g6 2. c4 Bg7 3. g3 c5 4. d5 d6 5. Nc3 Nf6 6. Bg2 O-O 7. Bf4 {E61: King's Indian: Early deviations for White, including Smyslov System} (7. Nf3 e6 8. O-O exd5 9. cxd5 Re8 10. Re1 Ne4 11. Nxe4 Rxe4 12. Qc2 Re8 13. e4 Bg4 14. Nd2 Na6 15. a3 b5 16. Rb1 c4 17. b4 cxb3 18. Nxb3 {1-0 (41) Grischuk,A (2767)-Svidler,P (2760) Moscow 2018}) 7... a6 8. a4 Nbd7 $146 ({Predecessor:} 8... e5 9. dxe6 Bxe6 10. Bxd6 Re8 11. Bxc5 Qa5 12. b4 Qc7 13. Nd5 Nxd5 14. cxd5 Bxa1 15. Qxa1 {0-1 (43) Marcelin,C (2441)-Vachier Lagrave,M (2542) Montpellier 2006}) 9. Nf3 {White is slightly better.} Ng4 10. O-O Nge5 11. Nd2 Rb8 12. Qc2 h6 13. h3 f5 14. Be3 Nf7 (14... g5 $11) 15. f4 Nf6 16. Bf2 Bd7 17. Nf3 b5 18. axb5 axb5 19. cxb5 Bxb5 20. Nh4 Nh8 $1 21. Rfe1 Bd7 22. Ra2 Nh5 (22... Qc8 $11) 23. e4 $14 e5 (23... fxe4 $14 24. Bxe4 (24. Qxe4 g5 $11) 24... Bxh3) 24. exf5 $2 (24. dxe6 $1 $18 Bxe6 25. Ra3 fxe4 26. Bxe4) 24... exf4 $15 25. g4 Ng3 26. Nxg6 Nxg6 27. fxg6 h5 28. Ra7 hxg4 29. hxg4 Bxg4 {And now ...Bf5 would win.} 30. Ree7 Nh5 $1 31. Be4 $2 {[#]} ({White should play} 31. Ne4 $15 Ra8 32. Rxa8 Qxe7 33. Rxf8+ Bxf8 34. Qc3) 31... Re8 $2 (31... Ra8 $1 $19 {[%cal Ra8a7]} 32. Qa4 Qxe7 33. Rxe7 Rxa4 34. Nxa4 Nf6) 32. Rxe8+ $1 $11 Qxe8 33. Bf5 $1 {[%cal Rf5g4]} Nf6 {White must now prevent ...Rxb2!} 34. Rf7 Rxb2 35. Qxb2 {Hoping for Ne4!} Bxf5 36. Qb7 Nh5 $2 {[%mdl 8192] [#]} (36... Nd7 $1 $11 {and Black stays safe.} 37. Nd1 Bd4) 37. Nb5 $2 (37. Qc6 $1 $18 {[%cal Rc6e8]} Qxc6 38. dxc6 Bxg6 39. c7 Kxf7 40. c8=Q Bxc3 41. Qd7+ {[%mdl 64] Double Attack} Kg8 42. Qxd6 {[%mdl 64] Double Attack}) 37... Bxg6 38. Re7 ({But not} 38. Nxd6 Qe5 $17) 38... Qd8 39. Qd7 Qa5 $2 {[%mdl 8192]} (39... Qxd7 $11 40. Rxd7 Bf5 41. Rd8+ (41. Rxd6 Bd3 $16) 41... Kf7) 40. Nxd6 $18 Qa1+ 41. Re1 Qc3 42. Qg4 Kh7 (42... Qc2 $142 43. Ne4 Bxe4) 43. Ne4 Qb4 (43... Qd3 $142 44. d6 (44. Nxc5 Qxd5 45. Ne6 Qf5 $16) 44... Nf6 45. Ng5+ Kh6 46. Qxf4 Nh5) 44. Ng5+ (44. d6 $142) 44... Kh6 45. Re6 $40 {[%mdl 128] White is out for blood.} (45. d6 $142) 45... Bf6 (45... Qb1+ $18 46. Kg2 Bf6) 46. Nf3 $16 Qb1+ 47. Re1 (47. Kg2 $16) 47... Qb3 $2 {[%mdl 8192]} (47... Bf5 $14 48. Rxb1 (48. Qg8 Qd3 $16) 48... Bxg4) 48. Ne5 $18 Bxe5 49. Rxe5 Qb1+ 50. Be1 {d6 is the strong threat.} Qd3 51. Qg5+ Kg7 52. Bf2 (52. Re6 $142 {Bc3+! would kill now.} Kf7 53. Rb6) 52... f3 (52... Qb1+ $142 53. Be1 Qd3 54. Qe7+ Kg8) 53. Qe7+ Kg8 54. Qg5 $2 (54. Qe6+ $18 Kg7 55. Qd7+ Kh8 56. d6 Qd1+ 57. Re1) 54... c4 $2 {[%mdl 8192]} (54... Kg7 $1 $11 55. Re7+ Kg8 56. Bxc5 Qd1+ 57. Kf2 Qc2+ 58. Kxf3 Qd3+ 59. Kf2 Qc2+ 60. Kf1 Qc4+ 61. Kg2 Nf4+ 62. Kf3 Qxc5 63. Kxf4 Qd4+ 64. Kf3 Qd1+ 65. Kg2 Qc2+ 66. Kg3 Qc3+ 67. Re3 Qc7+ 68. Qe5 Qg7) 55. Re8+ Kg7 (55... Kh7 $142) 56. Qe5+ Nf6 57. Re7+ Bf7 {White has a decisive advantage.} 58. Qg5+ Qg6 59. Qxg6+ Kxg6 60. d6 {Accuracy: White = 47%, Black = 43%.} 1-0

[Event "SVK ECo-C Extraliga 2018-19"]
[Site "Slovakia"]
[Date "2019.03.09"]
[Round "7.3"]
[White "Istona, Martin"]
[Black "Druska, Juraj"]
[Result "1/2-1/2"]
[WhiteElo "2269"]
[BlackElo "2443"]
[Annotator "ChessBase"]
[PlyCount "21"]
[EventDate "2018.11.10"]
[EventType "team-tourn"]
[EventCountry "SVK"]
[SourceTitle "playchess.com"]
[Source "ChessBase"]
[SourceQuality "1"]
[WhiteTeam "Osuske"]
[BlackTeam "Prakovce"]
[TimeControl "40/5400+30:1800+30"]

1. e4 {[%emt 0:00:00]} g6 {[%emt 0:01:50]} 2. d4 {[%emt 0:00:00]} Bg7 {[%emt 0:00:04]} 3. Nc3 {[%emt 0:00:00]} d6 {[%emt 0:00:29]} 4. Nf3 {[%emt 0:01:59]} a6 {[%emt 0:01:36]} 5. Be3 {[%emt 0:05:42]} b5 {[%emt 0:02:16]} 6. Bd3 {[%emt 0:00:47]} Bb7 {[%emt 0:00:49]} 7. a4 {[%emt 0:01:58]} b4 {[%emt 0:00:50]} 8. Ne2 {[%emt 0:08:40]} Nf6 {[%emt 0:01:24]} 9. Ng3 {[%emt 0:00:40]} O-O {[%emt 0:05:25]} 10. Qd2 {[%emt 0:03:07]} a5 {[%emt 0:08:15]} 11. Bh6 {[%emt 0:05:36]} 1/2-1/2

[Event "SVK ECo-C Extraliga 2018-19"]
[Site "Slovakia"]
[Date "2019.03.09"]
[Round "7.4"]
[White "Horvath, Csaba"]
[Black "Kostelny, Jozef"]
[Result "1-0"]
[WhiteElo "2510"]
[BlackElo "2212"]
[Annotator "ChessBase"]
[PlyCount "41"]
[EventDate "2018.11.10"]
[EventType "team-tourn"]
[EventCountry "SVK"]
[SourceTitle "playchess.com"]
[Source "ChessBase"]
[SourceQuality "1"]
[WhiteTeam "Podhajska"]
[BlackTeam "Zilina"]
[TimeControl "40/5400+30:1800+30"]

1. Nf3 {[%emt 0:00:00]} Nf6 {[%emt 0:00:00]} 2. g3 {[%emt 0:00:00]} g6 {[%emt 0:00:16]} 3. Bg2 {[%emt 0:00:06]} Bg7 {[%emt 0:00:04]} 4. O-O {[%emt 0:01:00]} O-O {[%emt 0:00:06]} 5. c4 {[%emt 0:01:02]} d6 {[%emt 0:00:06]} 6. d4 {[%emt 0:00:25]} Nbd7 {[%emt 0:01:22]} 7. Nc3 {[%emt 0:00:12]} e5 {[%emt 0:04:47]} 8. e4 {[%emt 0:03:07]} exd4 {[%emt 0:04:23]} 9. Nxd4 {[%emt 0:00:07]} Re8 {[%emt 0:05:21]} 10. h3 {[%emt 0:02:17]} Nc5 {[%emt 0:00:44]} 11. Re1 {[%emt 0:00:15]} a5 {[%emt 0:00:10]} 12. b3 {[%emt 0:11:56]} c6 {[%emt 0:15:22]} 13. Bf4 {[%emt 0:04:26]} Qc7 {[%emt 0:14:10]} 14. Ndb5 {[%emt 0:20:35]} cxb5 {[%emt 0:00:41]} 15. Bxd6 {[%emt 0:00:11]} Qb6 {[%emt 0:04:34]} 16. e5 {[%emt 0:00:19]} b4 {[%emt 0:22:26]} 17. Nb5 {[%emt 0:13:09]} Bd7 {[%emt 0:17:06]} 18. Nc7 {[%emt 0:06:12]} Rac8 {[%emt 0:01:07]} 19. Nxe8 {[%emt 0:00:51]} Rxe8 {[%emt 0:04:29]} 20. Qd4 {[%emt 0:04:04]} Bxh3 {[%emt 0:01:04]} 21. exf6 {[%emt 0:01:14]} 1-0

[Event "SVK ECo-C Extraliga 2018-19"]
[Site "Slovakia"]
[Date "2019.03.09"]
[Round "7.4"]
[White "Nemeth, Miklos"]
[Black "Piesik, Piotr"]
[Result "1-0"]
[WhiteElo "2483"]
[BlackElo "2420"]
[Annotator "TA"]
[PlyCount "71"]
[EventDate "2018.11.10"]
[EventType "team-tourn"]
[EventCountry "SVK"]
[SourceTitle "playchess.com"]
[Source "ChessBase"]
[SourceQuality "1"]
[WhiteTeam "Streda"]
[BlackTeam "Dubnica"]

{[%evp 20,71,63,22,160,156,162,160,167,142,201,177,178,174,204,204,283,282,409,397,487,471,551,515,527,499,428,422,460,416,571,489,699,692,728,688,797,801,844,804,782,755,956,798,1051,785,1647,1224,2098,1929,29991,3819,2781,2359]} 1. e4 {[%cal Be2e4,Be4e5][%mdl 32]} e6 2. d4 d5 3. Nd2 Nf6 4. e5 Nfd7 5. f4 c5 6. c3 Nc6 7. Ndf3 cxd4 8. cxd4 Qb6 9. a3 a5 10. Ne2 {C05: French Tarrasch: 3...Nf6 4 e5 Nfd7, 5 f4 and 5 Bd3 sidelines} Be7 {[#]} 11. f5 $1 {[%mdl 512] LiveBook: 5 Games} Qd8 (11... exf5 $11 {remains equal.} 12. Nc3 a4) (11... exf5 12. Nf4 a4 13. Nxd5 Qa5+ 14. Nc3 O-O 15. Bf4 Rd8 16. d5 Nb6 17. d6 {0-1 (42) Gulamali,K (2339)-Nyzhnyk,I (2622) Philadelphia 2016}) 12. fxe6 $16 {White is clearly better.} fxe6 13. Nf4 Nf8 $146 ({Predecessor:} 13... Nb6 14. Bd3 Kd7 15. Qc2 g6 16. O-O Kc7 17. Bd2 {0-1 (52) Woehrel,H (2166)-Stark,L (2424) Nancy 2007}) 14. Bd3 Bd7 (14... g5 $16) 15. O-O $18 Qb6 16. Kh1 O-O-O 17. b4 {[%cal Bb2b4,Bb4b5][%mdl 32]} a4 18. b5 Na7 (18... Na5 {was necessary.} 19. Qxa4 Kb8) 19. Rb1 g5 20. Ne2 Rg8 21. Nc3 Re8 22. Nxa4 Qd8 23. Nc5 g4 24. Ne1 Ng6 25. Nxd7 Qxd7 (25... Kxd7 $142 26. Rf7 Qb6) 26. b6 Nc6 27. Qa4 Kb8 28. Bb5 Rgf8 29. Rxf8 Rxf8 30. Bh6 ({Don't blunder} 30. Qa7+ $2 Nxa7 31. bxa7+ Kxa7 $19) 30... Rf5 31. Nc2 ({But not} 31. Qa7+ $2 Nxa7 32. bxa7+ Kxa7 $19) 31... g3 32. Be3 Rh5 33. h3 Nf8 34. Rc1 Qe8 35. Bxc6 (35. Nb4 $142 Rxh3+ 36. gxh3 g2+ 37. Kg1 Bc5 38. Nxc6+ Qxc6 39. Qa7+ Kc8 40. Bxc6 Bd6 41. exd6 Nd7 42. Bxb7+ Kd8 43. Rc8#) 35... Qxc6 36. Qa7+ {Precision: White = 83%, Black = 12%.} 1-0

[Event "SVK ECo-C Extraliga 2018-19"]
[Site "Slovakia"]
[Date "2019.03.09"]
[Round "7.4"]
[White "Manik, Mikulas"]
[Black "Rohacek, Miroslav"]
[Result "1-0"]
[WhiteElo "2410"]
[BlackElo "2229"]
[Annotator "TA"]
[PlyCount "55"]
[EventDate "2018.11.10"]
[EventType "team-tourn"]
[EventCountry "SVK"]
[SourceTitle "playchess.com"]
[Source "ChessBase"]
[SourceQuality "1"]
[WhiteTeam "Prakovce"]
[BlackTeam "Osuske"]

{[%evp 14,55,0,0,50,15,39,18,18,24,26,3,8,8,3,6,13,8,-12,-2,74,71,70,72,296,292,280,284,290,280,291,279,378,370,369,372,368,368,478,459,618,610,1023,1021]} 1. e4 e5 2. Nf3 Nf6 3. Nxe5 d6 4. Nf3 Nxe4 5. Nc3 Nxc3 6. dxc3 Be7 7. Bf4 O-O 8. Qd2 Qe8 {C42: Petroff Defence: 3 Nxe5 and unusual White 3rd moves} (8... Nd7 9. O-O-O Nc5 10. Be3 Re8 11. Bc4 Be6 12. Bxe6 Nxe6 13. h4 Qd7 14. Qd3 Qc6 15. Qf5 Qc4 16. Ng5 Bxg5 17. hxg5 Nf8 {½-½ (27) Salgado Lopez,I (2651)-Ipatov,A (2657) Izmir 2016}) 9. Be2 Bg4 10. O-O Nc6 {The position is equal.} 11. h3 $146 ({Predecessor:} 11. Rfe1 Qd7 12. h3 Bf5 13. Nd4 Nxd4 14. cxd4 Rfe8 15. Bf3 c6 16. Re2 {½-½ (35) Larios Crespo,M (2189)-Mellado Trivino,J (2450) Albacete 2004}) 11... Bf5 12. Bb5 a6 13. Ba4 b5 14. Bb3 $36 {[%mdl 2048] White has some pressure.} Na5 15. Bd5 c6 16. Nd4 Bg6 (16... Bd7 $11 {keeps the balance.} 17. Bf3 Nc4) 17. Bf3 $16 Qd7 18. Rfe1 {Hoping for b4.} Rfe8 $2 {[#]} (18... Bf6 $16) 19. b4 $1 $18 c5 20. bxa5 cxd4 21. Bxa8 ({Not} 21. Qxd4 Bf6 $16) (21. cxd4 Rac8 $16) 21... Rxa8 22. Qxd4 ({Don't do} 22. cxd4 $6 Bf8 $18) 22... Bf6 {[#]} 23. Be5 $1 {[%mdl 512]} Bxe5 (23... dxe5 24. Qxd7) 24. Rxe5 {[%mdl 64] Pin} Qc7 25. Rd5 Bxc2 26. Rc1 {White is clearly winning.} Bg6 27. Rxd6 Qxa5 28. Rd1 {Accuracy: White = 62%, Black = 30%.} 1-0